Electronic devices / (Record no. 103718)

MARC details
000 -LEADER
fixed length control field 00719nam a22002177a 4500
005 - DATE AND TIME OF LATEST TRANSACTION
control field 20160928153800.0
010 ## - LCCN (DPL NO)
LC control number ENG-116128
020 ## - INTERNATIONAL STANDARD BOOK NUMBER
International Standard Book Number 9789385977114
Terms of availability 180.00
035 ## - SYSTEM CONTROL NUMBER
System control number EN-99660
037 ## - SOURCE OF ACQUISITION
Source of stock number/acquisition DBAD/PUB
082 ## - DEWEY DECIMAL CLASSIFICATION NUMBER
Classification number 621.3815
100 ## - MAIN ENTRY--PERSONAL NAME
Personal name Thirumurugan,P.
245 ## - TITLE STATEMENT
Title Electronic devices /
Statement of responsibility, etc by P. Thirumurugan, A, Salvapandian [and] P. Rajasekaran
260 ## - PUBLICATION, DISTRIBUTION, ETC. (IMPRINT)
Place of publication, distribution, etc Madurai
Name of publisher, distributor, etc Shanlax Publications
Date of publication, distribution, etc 2016
270 ## - ADDRESS
Address 61,66,V.P. Complex T.P.K.Main Road,Vasantha Nagar
City Madurai (TamilNadu)
Postal code 625003
300 ## - PHYSICAL DESCRIPTION
Extent Various Pagings :
Dimensions 30cm(pbk)
Other physical details ill
500 ## - GENERAL NOTE
General note Includes glossary and index
700 ## - ADDED ENTRY--PERSONAL NAME
Personal name A. Salvapandian
700 ## - ADDED ENTRY--PERSONAL NAME
Personal name P. Rajasekaran
942 ## - ADDED ENTRY ELEMENTS (KOHA)
Source of classification or shelving scheme Dewey Decimal Classification
Item type English Books
Call number suffix THI
Classification part 621.3815
Holdings
Withdrawn status Lost status Not for loan Collection code Home library Current library Date acquired Source of acquisition Cost, normal purchase price Full call number Barcode Copy number Cost, replacement price Koha item type
    Not For Loan Non-fiction D.B.Act.Division Bawana 28/09/2016 DBAD/PUB 180.00 621.3815 THI EN-99660 1 180.00 English Books

© Delhi Public Library
Hit Counter
free hit counter